000 00484nam a2200169 i 4500
001 76575
003 ES-MaACL
005 20230906172902.0
007 t|
008 041004s1905 fr ||||1| fre d
100 1 _aGuiraud, Paul.
_960892
245 1 0 _aEtudes économiques sur l'antiquité /
_cPaul Guiraud.
250 _a10ème ed., rev. et corr.
260 _aParis :
_b[s.n.,
_c1905] (
_eCoulommiers :
_fPaul Brodard)
300 _a297 p. ;
_c18 cm.
852 _aES-MaACL
_jF-10581
999 _c76575
_d76575